000
00316nam a2200121Ia 4500
008
190216s9999||||xx |||||||||||||| ||und||
100
_a
Raja Raman V
245
0
_a
Fundamentals Of Computers
260
_b
Pentice Hall Of India
_c
1985
300
_a
288p
650
_a
"Computer Programming. Programs, Data"
942
_c
BK
999
_c
8356
_d
8356